000 01461nam a2200385 i 4500
001 57396
003 CO-BoRNBP
005 20250625145807.0
007 ta
008 221227s2020 ck a br 000 jdspa d
020 _a9789580019015
040 _aCO-BoRNBP
_bspa
_erda
_cCO-BoRNBP
041 1 _aspa
_hpor
084 _aC BOJ1
100 1 _aNunes, Lygia Bojunga
_d1932-
_eautora
_960563
245 1 0 _aChao!
_cLygia Bojunga ; ilustraciones de Ivar Da Coll ; traducción de Irene Vasco
250 _aSegunda edición
264 1 _aBogotá, Colombia
_bEducactiva
_bNorma
_c2020
300 _a101 páginas
_bilustraciones en blanco y negro
_c20 cm.
336 _atexto
_btxt
_2rdacontent
337 _asin mediación
_bn
_2rdamedia
338 _avolumen
_bnc
_2rdacarrier
490 0 _aTorre de papel
_pAmarilla
521 _aRecomendado para un público infantil mayor de 9 años
534 _tTchau!
545 _aIncluye datos biográficos de la autora en la contracáturla
586 _aObra ganadora del Premio Hans Christian Andersen, 1982. Premio Astrid Lindgren, 2004
650 1 0 _aCuentos infantiles brasileños.
_ySiglo XX
_2LEMB
_9899
650 1 0 _aLiteratura infantil brasileña.
_2LEMB
_91010
650 1 7 _aAmistad
_vCuentos
_2LEMB
_9728
650 1 4 _aAutores brasileños
_ySiglo XX
_2LEMB
_91613
700 1 _aDa Coll, Ivar
_d1962-
_t¡No, no fui yo!
_eilustrador
_960564
700 _aVasco, Irene
_d1952-
_etraductora
_91899
942 _2loc
_cBKLITI
999 _c57396
_d57396